Minnesota Timberwolves 2024-2025 Roster - Statistics

General Stats
  • This quiz has been taken 145 times
    92 since last reset
  • The average score is 12 of 17
Answer Stats
Jersey # Answer % Correct
5 Anthony Edwards
100%
27 Rudy Gobert
96%
14 Jesse Edwards
90%
10 Mike Conley
89%
30 Julius Randle
86%
3 Jaden McDaniels
85%
11 Naz Reid
85%
4 Rob Dillingham
82%
0 Donte DiVincenzo
76%
00 Terrence Shannon Jr
72%
9 Nickeil Alexander-Walker
71%
55 Luka Garza
69%
22 Jaylen Clark
68%
7 Joe Ingles
57%
8 Josh Minott
56%
33 Leonard Miller
44%
13 Tristen Newton
21%
No matching quizzes found
Score Distribution
Percent of People with Each Score
Percentile by Number Answered
Your Score History
You have not taken this quiz since the last reset